Textbook of Anatomy and Physiology for Nurses and Allied Health Sciences (Record no. 159168)
[ view plain ]
| 000 -LEADER | |
|---|---|
| fixed length control field | 00437nam a2200145Ia 4500 |
| 008 - FIXED-LENGTH DATA ELEMENTS--GENERAL INFORMATION | |
| fixed length control field | 230519s9999 xx 000 0 und d |
| 020 ## - INTERNATIONAL STANDARD BOOK NUMBER | |
| International Standard Book Number | 978-81-239-1646-0 |
| 041 ## - LANGUAGE CODE | |
| Language code of text/sound track or separate title | eng |
| 082 ## - DEWEY DECIMAL CLASSIFICATION NUMBER | |
| Classification number | A/611/KHU/DB0353 |
| 100 ## - MAIN ENTRY--PERSONAL NAME | |
| Personal name | Khurana Indu |
| 9 (RLIN) | 179670 |
| 245 ## - TITLE STATEMENT | |
| Title | Textbook of Anatomy and Physiology for Nurses and Allied Health Sciences |
| 260 ## - PUBLICATION, DISTRIBUTION, ETC. (IMPRINT) | |
| Name of publisher, distributor, etc. | CBS Publishers & Distributors |
| Place of publication, distribution, etc. | New Delhi |
| Date of publication, distribution, etc. | 2009 |
| 300 ## - PHYSICAL DESCRIPTION | |
| Extent | 512 |
No items available.